Loading...
Beliefs | 5 | 8.00 | 60% | 20% | 0% |
Fine Arts - Classical Music and Opera | 7 | 8.57 | 71% | 14% | 0% |
Fine Arts - Other Fine Arts | 5 | 14.00 | 100% | 40% | 0% |
Fine Arts - Visual Fine Arts | 4 | 15.00 | 75% | 25% | 50% |
History - European History | 5 | 12.00 | 80% | 20% | 20% |
History - Other History | 2 | 20.00 | 100% | 100% | 0% |
History - US History | 5 | 18.00 | 100% | 80% | 0% |
History - World History | 3 | 20.00 | 100% | 33% | 67% |
Literature - American Literature | 3 | 13.33 | 100% | 33% | 0% |
Literature - British Literature | 2 | 10.00 | 50% | 50% | 0% |
Literature - European Literature | 1 | 10.00 | 100% | 0% | 0% |
Literature - World Literature | 8 | 12.50 | 100% | 25% | 0% |
Modern World | 2 | 20.00 | 100% | 50% | 50% |
Other Academic | 2 | 15.00 | 100% | 50% | 0% |
Philosophy | 4 | 10.00 | 75% | 25% | 0% |
Science - Biology | 3 | 6.67 | 67% | 0% | 0% |
Science - Chemistry | 3 | 13.33 | 67% | 67% | 0% |
Science - Earth Science | 1 | 10.00 | 100% | 0% | 0% |
Science - Other Science | 5 | 10.00 | 60% | 40% | 0% |
Science - Physics | 3 | 10.00 | 100% | 0% | 0% |
Social Science | 3 | 10.00 | 67% | 33% | 0% |